000 00531nam a2200193 4500
001 85741
003 BD-RjUL
005 20250918110641.0
008 250918s195? |||||||| |||| 00| 0 urd d
035 _a(BD-RjUL)85741
040 _aBD-RjUL
_beng
_cBD-RjUL
041 _aurd
082 _223
_a891.439
_bBEA 195?
245 _aمن زار سوا ;; min jarasu /
_cاختر ی بیگم ;; Akhtari Begum
260 _aLahore :
_bLahore Akademy,
_c195?
300 _a272 p.;
_c17 cm
650 _aurdu Literature
942 _2ddc
_cBK
999 _c85741
_d85741